000 00403nam a2200181Ia 4500
001 15497
005 20260306170200.0
008 260306t2007||||xx |||||||||||||| ||und||
041 _aESP
082 _a541.3
_bM26
100 _aMaron, Samuel H.
_eAUT
245 0 _aFundamentos de fisicoquĂ­mica
260 _c2007
300 _a
_c
650 _aGEN
654 _aCCN
942 _cLIB
_dJUS
_fJUS
_2ddc
_n
999 _c15497
_d15497